[Event "ch-FRA Blitz Online Qual"]
[Site "Europe-Chess INT"]
[Date "2020.05.16"]
[Round "9"]
[White "Mallassagne, Francois-Eric"]
[Black "Riff, Vincent"]
[Result "0-1"]
[BlackTitle "FM"]
[WhiteElo "2163"]
[BlackElo "2405"]
[WhiteFideId "620025"]
[BlackFideId "617776"]
[EventDate "2020.05.16"]

1. d4 Nf6 2. Nf3 c5 3. d5 d6 4. c4 e5 5. Nc3 Be7 6. e4 Nbd7 7. Bd3 Nf8 8. O-O
Ng6 9. Be3 h5 10. Nd2 h4 11. f4 Ng4 12. Qe2 Nxe3 13. Qxe3 exf4 14. Qe2 h3 15. g3
fxg3 16. hxg3 Ne5 17. Bc2 Bg4 18. Qf2 Bg5 19. Ba4+ Ke7 20. Ncb1 f6 21. Bd1 Qd7
22. a4 Bxd1 23. Rxd1 Ng4 24. Qf5 Be3+ 25. Kh1 Nf2+ 26. Kh2 Qxf5 27. exf5 Nxd1
28. Na3 Nf2 29. Re1 Kf7 30. Nf1 Ng4+ 31. Kh1 Bd4 32. Nb5 Be5 33. Re2 Rhc8 34. b3
a6 35. Na3 Re8 36. Nc2 Bd4 37. Rd2 Re4 38. Nh2 Nxh2 39. Kxh2 Rae8 40. Kxh3 Re2
41. Rxe2 Rxe2 42. Nxd4 cxd4 0-1

[Event "ch-FRA Blitz Online Qual"]
[Site "Europe-Chess INT"]
[Date "2020.05.16"]
[Round "9"]
[White "Jolly, Jean-Francois"]
[Black "Hutois, Mickael"]
[Result "1-0"]
[WhiteTitle "IM"]
[BlackTitle "FM"]
[WhiteElo "2378"]
[BlackElo "2261"]
[WhiteFideId "634751"]
[BlackFideId "652091"]
[EventDate "2020.05.16"]

1. c4 Nf6 2. g3 c6 3. Bg2 d5 4. Nf3 g6 5. O-O Bg7 6. cxd5 cxd5 7. d4 O-O 8. Nc3
Nc6 9. Ne5 Be6 10. Nxc6 bxc6 11. Na4 Nd7 12. Bf4 Qa5 13. Rc1 Rac8 14. a3 c5 15.
Nxc5 Nxc5 16. Rxc5 Rxc5 17. b4 Qxa3 18. bxc5 Bf5 19. e3 e5 20. dxe5 Qxc5 21.
Qxd5 Qxd5 22. Bxd5 Rd8 23. e4 Be6 24. Bxe6 fxe6 25. Ra1 Ra8 26. Ra6 Kf7 27. Be3
Bxe5 28. Rxa7+ Rxa7 29. Bxa7 Kf6 30. Kg2 Bc7 31. Kf3 Kf7 32. Ke2 Kf6 33. Kd3 Bd6
34. Be3 Kf7 35. f4 Ba3 36. h4 Bb2 37. Bf2 Ba3 38. e5 Be7 39. Kc4 Ba3 40. Kb5 Bb2
41. Kc6 Bc3 42. Kb5 Bd2 43. Kc4 Ba5 44. Kd3 Bb4 45. Ke4 Ba5 46. g4 Bb4 47. h5
Ba5 48. Bh4 Bd2 49. Bg5 Bc3 50. Bh4 Bb2 51. Bf6 Bc1 52. Bd8 Bd2 53. Bb6 Bc1 54.
Be3 Bb2 55. Kf3 Bc3 56. Kg3 Bb4 57. Kh4 Be7+ 58. Kg3 Bb4 59. Kf3 Bc3 60. Ke4 Bb2
61. f5 Bc3 62. fxg6+ hxg6 63. h6 Bb2 64. Bg5 Kg8 65. Bf6 Kh7 66. g5 Ba3 67. Kd3 1-0

[Event "ch-FRA Blitz Online Qual"]
[Site "Europe-Chess INT"]
[Date "2020.05.16"]
[Round "9"]
[White "Zachary, Matheo"]
[Black "Okhotnik, Vladimir"]
[Result "0-1"]
[WhiteTitle "FM"]
[BlackTitle "GM"]
[WhiteElo "2334"]
[BlackElo "2359"]
[WhiteFideId "26024691"]
[BlackFideId "14101289"]
[EventDate "2020.05.16"]

1. e4 d5 2. exd5 Qxd5 3. Nc3 Qd8 4. Nf3 g6 5. Bc4 Bg7 6. h3 Nh6 7. O-O Nf5 8. d3
O-O 9. Bf4 c6 10. Re1 Nd7 11. Qe2 Nb6 12. Bb3 Nd5 13. Be5 Nxc3 14. bxc3 e6 15.
Bxg7 Kxg7 16. a4 Qa5 17. Ne5 Qxc3 18. Qe4 Qd4 19. a5 a6 20. Nc4 Qxe4 21. dxe4
Nd4 22. e5 Rb8 23. Rad1 c5 24. Nb6 f6 25. Bc4 Nxc2 26. exf6+ Kxf6 27. Re4 Nd4
28. f4 Rf7 29. Re5 Rc7 30. Rde1 Rc6 31. Kf2 Ke7 32. g4 Bd7 33. f5 gxf5 34. gxf5
Rf8 35. Kg3 Nxf5+ 36. Kh2 Ng7 37. Rg5 Rf7 38. Rd1 Rd6 39. Rgg1 Rxd1 40. Rxd1 Bc6
41. Re1 Rf2+ 42. Kg3 Rg2+ 43. Kf4 Kf6 44. Ke3 Rg3+ 45. Kf2 Rxh3 46. Rg1 Ra3 47.
Ke2 Rxa5 48. Rf1+ Ke7 49. Nc8+ Kd7 50. Nb6+ Kd6 51. Rf7 Nf5 52. Nc8+ Ke5 53. Bd3
Ra2+ 54. Ke1 Bb5 55. Bxf5 exf5 56. Rxb7 f4 57. Rxh7 f3 58. Re7+ Kf6 0-1

[Event "ch-FRA Blitz Online Qual"]
[Site "Europe-Chess INT"]
[Date "2020.05.16"]
[Round "9"]
[White "Bressy, Theo"]
[Black "Migot, Tangi"]
[Result "1/2-1/2"]
[WhiteTitle "FM"]
[BlackTitle "IM"]
[WhiteElo "2289"]
[BlackElo "2351"]
[WhiteFideId "26022842"]
[BlackFideId "662445"]
[EventDate "2020.05.16"]

1. e4 c5 2. Nf3 Nc6 3. Bb5 e6 4. O-O Nge7 5. Re1 Nd4 6. Bf1 Nec6 7. c3 Nxf3+ 8.
Qxf3 Be7 9. d3 O-O 10. Na3 d5 11. Nc2 d4 12. e5 dxc3 13. bxc3 Qd5 14. Qg3 Rd8
15. Bh6 Bf8 16. Bg5 Re8 17. Re4 Ne7 18. Ne3 Qc6 19. Bxe7 Bxe7 20. Rg4 g6 21. h4
h5 22. Rxg6+ fxg6 23. Qxg6+ Kf8 24. Qh6+ Kf7 25. Qxh5+ Kg7 26. Qg4+ Kf7 27. Qh5+
Kg7 28. Qg4+ Kf7 29. Qh5+ 1/2-1/2

[Event "ch-FRA Blitz Online Qual"]
[Site "Europe-Chess INT"]
[Date "2020.05.16"]
[Round "9"]
[White "Cahen, Alexis"]
[Black "Navrotescu, Catalin"]
[Result "0-1"]
[BlackTitle "IM"]
[WhiteElo "2122"]
[BlackElo "2348"]
[WhiteFideId "26076918"]
[BlackFideId "1200208"]
[EventDate "2020.05.16"]

1. d4 f5 2. Qd3 d5 3. g4 e6 4. Nc3 Nf6 5. gxf5 exf5 6. Bg2 c6 7. Bg5 Be7 8. Nf3
Ne4 9. Bxe7 Qxe7 10. Ne5 Nd7 11. Nxd7 Bxd7 12. Bxe4 fxe4 13. Qg3 O-O 14. O-O-O
Rf7 15. Rdf1 Raf8 16. Nd1 Qf6 17. c3 Qh6+ 18. Ne3 Bh3 19. Rfg1 Rxf2 20. Kb1 Rxe2
21. Ng4 Bxg4 22. Qxg4 Ref2 23. Qd7 R2f7 24. Qg4 Qf6 25. h4 h6 26. h5 Qf5 27.
Qxf5 Rxf5 28. Kc2 Rf2+ 29. Kb3 e3 30. Re1 R8f3 31. Rhg1 Kf7 32. a4 a5 33. Rg6
Rd2 34. Rg4 Rff2 35. c4 Rd3+ 36. Ka2 dxc4 37. Reg1 c3 38. Rxg7+ Ke6 39. R1g6+
Kd5 40. Rxb7 Rxb2+ 41. Rxb2 cxb2 42. Kxb2 e2 43. Rg1 Rd1 44. Rg8 e1=Q 45. Rd8+
Kc4 46. d5 Rb1+ 47. Ka3 Ra1+ 0-1

[Event "ch-FRA Blitz Online Qual"]
[Site "Europe-Chess INT"]
[Date "2020.05.16"]
[Round "9"]
[White "Spitz, Christophe"]
[Black "Muller, Anthony"]
[Result "0-1"]
[WhiteElo "2137"]
[BlackElo "2278"]
[WhiteFideId "608378"]
[BlackFideId "20682743"]
[EventDate "2020.05.16"]

1. e4 e6 2. d4 d5 3. e5 c5 4. c3 Qb6 5. Nf3 Nc6 6. a3 c4 7. Nbd2 Na5 8. g3 Bd7
9. Bg2 Ne7 10. O-O O-O-O 11. Ng5 Be8 12. f4 h6 13. Ngf3 Kb8 14. Qe2 Ba4 15. Ne1
a6 16. Ndf3 Nb3 17. Rb1 Nxc1 18. Rxc1 Ka7 19. Bh3 g6 20. Ng2 Nf5 21. Ne3 Be7 22.
Bxf5 gxf5 23. Ng2 Rc8 24. Rf2 Rc6 25. Nfh4 Qd8 26. Qh5 Qf8 27. Kf1 Qg7 28. Re2
Rb6 29. Kf2 Rb3 30. Rcc2 Rc8 31. Rcd2 Be8 32. Qf3 b5 33. Ne3 a5 34. Nhg2 b4 35.
axb4 axb4 36. Nd1 Ra8 37. Nge3 Kb8 38. Nxd5 Bc6 39. N1e3 exd5 0-1

[Event "ch-FRA Blitz Online Qual"]
[Site "Europe-Chess INT"]
[Date "2020.05.16"]
[Round "9"]
[White "Kovacs, Klara"]
[Black "Droin, Augustin"]
[Result "0-1"]
[WhiteTitle "WIM"]
[BlackTitle "FM"]
[WhiteElo "2154"]
[BlackElo "2313"]
[WhiteFideId "733210"]
[BlackFideId "45105987"]
[EventDate "2020.05.16"]

1. Nf3 d5 2. g3 Bg4 3. Bg2 Nd7 4. d4 Ngf6 5. O-O e6 6. c4 c6 7. Nc3 Be7 8. Qc2
O-O 9. b3 Rc8 10. Ne5 Nxe5 11. dxe5 Nd7 12. f4 f6 13. exf6 Bxf6 14. Bb2 Qb6+ 15.
Kh1 Nc5 16. e4 d4 17. Nd1 d3 18. Qd2 Be2 19. Re1 Qc7 20. e5 Be7 21. Nc3 Bh5 22.
b4 Na6 23. a3 Bg6 24. Ne4 Rcd8 25. c5 b6 26. Rac1 bxc5 27. bxc5 Bxe4 28. Bxe4
Nxc5 29. Rcd1 Nxe4 30. Rxe4 c5 31. Rc4 Rd5 32. Qc3 Qb7 33. Kg1 Rfd8 34. Bc1 Qb5
35. Be3 d2 36. a4 Qa6 37. Kf2 Rd3 38. Qc2 R8d5 39. h4 Qa5 40. Kg2 g6 41. Kh3
Rxe3 42. Qb2 Qc7 43. Rxd2 Bf8 44. Rcc2 Qd7 45. Rxd5 exd5+ 46. Kh2 Qg4 47. Rg2 d4
48. Qa2+ Kg7 49. Qd5 Re2 50. Qb7+ Kh6 51. a5 Rxg2+ 52. Qxg2 d3 53. e6 Qxe6 54.
f5 Qe2 0-1

[Event "ch-FRA Blitz Online Qual"]
[Site "Europe-Chess INT"]
[Date "2020.05.16"]
[Round "9"]
[White "Macon, Arthur"]
[Black "Janzelj, Lara"]
[Result "1-0"]
[WhiteTitle "FM"]
[BlackTitle "WIM"]
[WhiteElo "2310"]
[BlackElo "2210"]
[WhiteFideId "20654707"]
[BlackFideId "14608391"]
[EventDate "2020.05.16"]

1. Nf3 d5 2. g3 Nf6 3. Bg2 c6 4. O-O Bg4 5. b3 e6 6. Bb2 Nbd7 7. c4 Bd6 8. d3
O-O 9. Nbd2 Qe7 10. a3 e5 11. e4 dxe4 12. dxe4 Nc5 13. Qc2 Nfd7 14. b4 Ne6 15.
c5 Bc7 16. h3 Bh5 17. Nh4 Bg6 18. Nc4 f6 19. Ne3 Nd4 20. Bxd4 exd4 21. Nef5 Qd8
22. Nxd4 Be5 23. Ne6 Qe7 24. Nxf8 Nxf8 25. Nxg6 hxg6 26. Rad1 Ne6 27. f4 Bc7 28.
Rd2 a5 29. Rfd1 axb4 30. axb4 Ra3 31. Rd7 Qe8 32. Qc4 Kh7 33. R7d3 Ra8 34. h4
Ra4 35. Bh3 Nf8 36. Qb3 Ra8 37. Bg2 Ne6 38. f5 gxf5 39. exf5 Nf8 40. R3d2 Qe5
41. Kh2 Kh8 42. Qf3 Nh7 43. Re2 1-0

[Event "ch-FRA Blitz Online Qual"]
[Site "Europe-Chess INT"]
[Date "2020.05.16"]
[Round "9"]
[White "Fournier, Loic"]
[Black "Szajbely, Zsigmond"]
[Result "0-1"]
[BlackTitle "FM"]
[WhiteElo "2116"]
[BlackElo "2260"]
[WhiteFideId "36013463"]
[BlackFideId "711691"]
[EventDate "2020.05.16"]

1. d4 Nf6 2. Nf3 c5 3. c3 b6 4. Bf4 Bb7 5. e3 d6 6. h3 Nbd7 7. Be2 g6 8. O-O Bg7
9. Nbd2 O-O 10. a4 Qc7 11. b4 Rfe8 12. bxc5 bxc5 13. Rb1 Nd5 14. Qb3 Nxf4 15.
exf4 Rab8 16. Ng5 e6 17. Qc4 d5 18. Qd3 cxd4 19. cxd4 Qxf4 20. Ngf3 Nf6 21. Qe3
Qxe3 22. fxe3 Bc6 23. Bb5 Bxb5 24. axb5 Rb7 25. Ne5 Ne4 26. Nxe4 dxe4 27. Nc6 f5
28. Rb4 Bf8 29. Rbb1 Bd6 30. Rfc1 Bc7 31. Kf1 Bb6 32. Ne5 f4 33. exf4 Bxd4 34.
Nc6 Be3 35. Rc4 Bxf4 36. Rxe4 Bc7 37. Ra4 Bb6 38. Re4 Rf7+ 39. Ke2 Rf2+ 40. Kd3
Rxg2 41. Rbe1 Rg3+ 42. Kc4 Rxh3 43. Rxe6 Rh4+ 44. Kd5 Rh5+ 45. Kd6 Rxe6+ 46.
Kxe6 Rxb5 47. Rf1 Kg7 48. Ne5 Rb2 49. Ng4 Re2+ 50. Kd5 Re7 51. Ne5 Bc7 52. Nc6
Rd7+ 53. Kc4 Bb6 54. Ne5 Rc7+ 55. Kd5 Rc5+ 56. Ke6 Rc7 57. Nd7 Rc6+ 58. Ke7 Kh6
59. Ne5 Rc7+ 60. Ke6 Bd4 61. Rh1+ Kg7 62. Nf3 Bf6 63. Rf1 a5 64. Nh2 a4 65. Ng4
Re7+ 66. Kd6 Rf7 67. Ke6 Re7+ 68. Kd6 Bg5 69. Ne5 a3 70. Nf3 Bf6 71. Nd2 a2 72.
Nb3 Rb7 73. Nc5 Ra7 74. Ne6+ Kg8 75. Rxf6 Ra6+ 76. Kd5 Rxe6 77. Rf1 Ra6 78. Ra1
Kg7 79. Ke5 h5 80. Kf4 Kh6 81. Kg3 g5 82. Kh3 Kg6 83. Kg3 h4+ 84. Kg4 Ra4+ 85.
Kf3 Kf5 86. Ke3 g4 0-1

[Event "ch-FRA Blitz Online Qual"]
[Site "Europe-Chess INT"]
[Date "2020.05.16"]
[Round "9"]
[White "Perrin, Antoine"]
[Black "Le Goff, Damien"]
[Result "0-1"]
[BlackTitle "FM"]
[WhiteElo "1967"]
[BlackElo "2281"]
[WhiteFideId "45127255"]
[BlackFideId "634808"]
[EventDate "2020.05.16"]

1. e4 e6 2. d4 d5 3. exd5 exd5 4. Nf3 Bg4 5. Bd3 Nc6 6. c3 Qd7 7. Bf4 Nge7 8.
O-O Ng6 9. Bg3 h5 10. h3 h4 11. Bh2 Bh5 12. Re1+ Be7 13. Be2 O-O-O 14. Ne5 Bxe2
15. Qxe2 Ncxe5 16. dxe5 Qe6 17. Nd2 Kb8 18. Nf3 c5 19. Qe3 Rh5 20. Rad1 Rhh8 21.
a3 Ka8 22. b4 d4 23. cxd4 cxb4 24. axb4 Bxb4 25. Re2 Rd5 26. Rb2 Ba5 27. Ra1
Rhd8 28. Rba2 Bb6 29. Ra4 Ne7 30. Rb1 Qc6 31. Qb3 Nc8 32. Rc4 Qd7 33. Qc3 Bxd4
34. Nxd4 Rxd4 35. Rxd4 Qxd4 36. Qc7 Qd1+ 37. Rxd1 Rxd1# 0-1

[Event "ch-FRA Blitz Online Qual"]
[Site "Europe-Chess INT"]
[Date "2020.05.16"]
[Round "9"]
[White "Guezennec, Franck"]
[Black "Trabet, Mathis"]
[Result "1-0"]
[WhiteElo "2272"]
[BlackElo "2118"]
[WhiteFideId "633550"]
[BlackFideId "36041289"]
[EventDate "2020.05.16"]

1. e4 c5 2. Nf3 d6 3. d4 cxd4 4. Nxd4 Nf6 5. Nc3 g6 6. g3 a6 7. Bg2 Bg7 8. O-O
O-O 9. b3 Nbd7 10. Bb2 Rb8 11. a4 b6 12. h3 Bb7 13. Qe2 Rc8 14. Nd5 Re8 15. c4
Nc5 16. b4 Ne6 17. Nxe6 fxe6 18. Nf4 Qd7 19. Rfd1 Qc7 20. Rac1 Kf7 21. h4 h6 22.
Bh3 Bxe4 23. Bxe6+ Kf8 24. Qxe4 Red8 25. Qxg6 1-0

[Event "ch-FRA Blitz Online Qual"]
[Site "Europe-Chess INT"]
[Date "2020.05.16"]
[Round "9"]
[White "Louistisserand, Patrick"]
[Black "Dumas, Charles"]
[Result "1-0"]
[WhiteTitle "FM"]
[WhiteElo "2245"]
[BlackElo "2284"]
[WhiteFideId "635049"]
[BlackFideId "675733"]
[EventDate "2020.05.16"]

1. d4 Nf6 2. c4 e6 3. Nc3 Bb4 4. e3 b6 5. Bd3 O-O 6. Nf3 Bb7 7. O-O Bxc3 8. bxc3
c5 9. Nd2 d6 10. f4 Qe7 11. e4 e5 12. fxe5 dxe5 13. d5 Nbd7 14. Qe1 Ne8 15. Nf3
Nd6 16. Nh4 h6 17. Qg3 Kh7 18. Bd2 Nf6 19. Nf5 Nxf5 20. Rxf5 Rae8 21. Raf1 Bc8
22. Rxf6 gxf6 23. Qh4 Rh8 24. Rxf6 Kg8 25. Qg3+ Kf8 26. Bxh6+ Rxh6 27. Rxh6 Qc7
28. Qg5 1-0

[Event "ch-FRA Blitz Online Qual"]
[Site "Europe-Chess INT"]
[Date "2020.05.16"]
[Round "9"]
[White "Lamaze, Simon"]
[Black "Gatineau, Yovann"]
[Result "0-1"]
[WhiteTitle "CM"]
[BlackTitle "FM"]
[WhiteElo "2185"]
[BlackElo "2423"]
[WhiteFideId "36069264"]
[BlackFideId "26028999"]
[EventDate "2020.05.16"]

1. d4 f5 2. Nf3 Nf6 3. g3 e6 4. Bg2 Be7 5. O-O O-O 6. c4 d6 7. b3 Ne4 8. Bb2 Bf6
9. Nfd2 Nxd2 10. Nxd2 e5 11. dxe5 dxe5 12. Nf3 Qxd1 13. Raxd1 Nc6 14. e4 fxe4
15. Nd2 Bg4 16. Rde1 Nd4 17. Bxe4 Rad8 18. f3 Bh3 19. Rf2 c6 20. Nf1 h5 21. Bb1
Bg5 22. Be4 Be7 23. Ne3 Bc5 24. Bc3 Nxf3+ 25. Rxf3 Rxf3 26. Bxf3 Rd3 27. Bxe5
Bxe3+ 28. Kh1 Bf2 29. Be4 Rd2 30. Rc1 Re2 31. Bg6 Rxe5 32. Rd1 Re1+ 33. Rxe1
Bxe1 34. Bxh5 Bf5 35. Bf3 Kf7 36. Kg1 Bc3 37. Kf1 Bd3+ 38. Kf2 Bd4+ 39. Ke1 Be3
40. h4 Kf6 41. g4 Ke5 42. g5 Kf4 43. Bh1 Bc1 44. g6 Bxg6 45. b4 Ke3 46. b5 Bc2
47. bxc6 Bd2+ 48. Kf1 Bd3+ 49. Kg1 bxc6 50. Bxc6 Bxc4 51. Kg2 Bxa2 52. Kg3 a5
53. Kg4 Bb3 54. Kg5 a4 55. Bxa4 Bxa4 56. Kg6 Bc3 57. h5 Bc2+ 58. Kg5 Ke4 59. h6
Bd2+ 60. Kg6 gxh6 61. Kg7 h5 62. Kg6 h4 0-1

[Event "ch-FRA Blitz Online Qual"]
[Site "Europe-Chess INT"]
[Date "2020.05.16"]
[Round "9"]
[White "Martinez Martinez, Mateo"]
[Black "Boyer, Mahel"]
[Result "1-0"]
[BlackTitle "FM"]
[WhiteElo "1917"]
[BlackElo "2294"]
[WhiteFideId "36055140"]
[BlackFideId "45102422"]
[EventDate "2020.05.16"]

1. d4 Nf6 2. c4 c5 3. d5 e6 4. Nc3 exd5 5. cxd5 d6 6. e4 g6 7. f4 Bg7 8. e5 Nfd7
9. Ne4 dxe5 10. Nd6+ Ke7 11. Nxc8+ Qxc8 12. Nf3 Re8 13. Be2 e4 14. Ng5 Kf8 15.
Nxh7+ Kg8 16. Ng5 Nf6 17. O-O Nbd7 18. Be3 Nb6 19. Rc1 Nfxd5 20. Bxc5 Qd8 21.
Bb5 Re7 22. Bxe7 Qxe7 23. Qb3 Rd8 24. Rce1 e3 25. g3 Qc5 26. Be2 Rc8 27. Kg2 a5
28. Ne4 Qe7 29. Bf3 a4 30. Qd3 Nb4 31. Qb5 Rc2+ 32. Re2 Rxe2+ 33. Qxe2 N6d5 34.
a3 Nc6 35. Rd1 Nd4 36. Qd3 f5 37. Nf6+ Bxf6 38. Bxd5+ Kg7 39. Bf3 e2 40. Re1 Qc5
41. Bxe2 Qc6+ 42. Bf3 Qb6 43. Rd1 Qxb2+ 44. Rd2 Qa1 45. Qc4 Qe1 46. Qc7+ Kh6 47.
Rf2 1-0

[Event "ch-FRA Blitz Online Qual"]
[Site "Europe-Chess INT"]
[Date "2020.05.16"]
[Round "9"]
[White "Tokhirjonova, Gulrukhbegim"]
[Black "Casas, Alexandre"]
[Result "1-0"]
[WhiteTitle "WGM"]
[WhiteElo "2378"]
[BlackElo "1933"]
[WhiteFideId "14203626"]
[BlackFideId "45173451"]
[EventDate "2020.05.16"]

1. Nf3 c5 2. e4 d6 3. d4 cxd4 4. Nxd4 Nf6 5. Nc3 a6 6. h3 e5 7. Nde2 Be7 8. Bg5
Be6 9. Bxf6 Bxf6 10. Nd5 Nd7 11. Nec3 O-O 12. Be2 b5 13. a3 Rc8 14. O-O Nb6 15.
Nxf6+ Qxf6 16. Qxd6 Nc4 17. Bxc4 Rxc4 18. Qxa6 Rb8 19. Rad1 h6 20. Rd6 Qg5 21.
Kh1 Qh4 22. Rxe6 fxe6 23. Qxe6+ Kh8 24. Qxe5 Rf8 25. Qxb5 Rcc8 26. Qe2 Rb8 27.
b4 Rbc8 28. Nd5 Rfe8 29. f3 Qg3 30. c4 Qe5 31. Qd3 Red8 32. c5 Qb2 33. Re1 Ra8
34. Re3 Qa1+ 35. Kh2 Qe5+ 36. f4 Qb2 37. Rf3 Rf8 38. c6 Rac8 39. c7 Qc1 40. b5
Rxc7 41. Nxc7 Qxc7 42. e5 Qb7 43. a4 Qb6 44. Qd6 Qxd6 45. exd6 Rd8 46. Rd3 1-0

[Event "ch-FRA Blitz Online Qual"]
[Site "Europe-Chess INT"]
[Date "2020.05.16"]
[Round "9"]
[White "Edouard, Romain"]
[Black "Geronimi, Jean-Thomas"]
[Result "1-0"]
[WhiteTitle "GM"]
[WhiteElo "2649"]
[BlackElo "1827"]
[WhiteFideId "633429"]
[BlackFideId "36098515"]
[EventDate "2020.05.16"]

1. d4 Nf6 2. c4 e6 3. Nf3 d5 4. Nc3 Bb4 5. cxd5 exd5 6. Bg5 Nbd7 7. e3 O-O 8.
Bd3 h6 9. Bh4 Qe8 10. O-O Bxc3 11. bxc3 Ne4 12. c4 c6 13. cxd5 cxd5 14. a4 a6
15. Qb3 Ndf6 16. Ne5 Nd2 17. Qb6 Nxf1 18. Bxf6 gxf6 19. Qxf6 Qe6 20. Qf4 Nd2 21.
f3 f5 22. a5 Nb3 23. Ra3 Nc1 24. Bf1 Bd7 25. e4 Rac8 26. Qg3+ Kh8 27. Ng6+ Kh7
28. Nxf8+ Rxf8 29. Rc3 Rc8 30. Rxc8 Bxc8 31. Qc7+ Qd7 32. Qxc1 dxe4 33. fxe4
Qxd4+ 34. Kh1 fxe4 35. Qxc8 Qf2 36. Qxb7+ Kh8 37. Qxa6 e3 38. h3 Qg3 39. Qxh6+
Kg8 40. Bc4# 1-0

[Event "ch-FRA Blitz Online Qual"]
[Site "Europe-Chess INT"]
[Date "2020.05.16"]
[Round "9"]
[White "Quere, Alexandre"]
[Black "Dourerassou, Jonathan"]
[Result "0-1"]
[BlackTitle "GM"]
[WhiteElo "2022"]
[BlackElo "2477"]
[WhiteFideId "631086"]
[BlackFideId "628050"]
[EventDate "2020.05.16"]

1. Nf3 c5 2. c4 Nf6 3. d4 g6 4. Nc3 cxd4 5. Nxd4 Bg7 6. e4 O-O 7. Nc2 d6 8. Be2
Nbd7 9. O-O Nc5 10. f3 a6 11. Be3 Ne6 12. Qd2 Bd7 13. Rfd1 Rc8 14. Rac1 Re8 15.
b3 Bc6 16. Nd5 Bxd5 17. exd5 Nc5 18. Nd4 Ncd7 19. Bd3 Ne5 20. Bb1 Qd7 21. a4
Red8 22. h3 Qe8 23. f4 Ned7 24. Bf2 Nc5 25. Re1 Qd7 26. f5 Re8 27. g4 Qc7 28.
Bh4 Nfd7 29. Re3 Bh6 30. g5 Bg7 31. Rce1 Ne5 32. Bg3 Qb6 33. a5 Qc7 34. Bc2 Ncd7
35. Nf3 Qc5 36. Bf2 Qc7 37. Nxe5 Nxe5 38. Bg3 Qc5 39. Bf2 Qa3 40. Bg3 Qb2 41.
R1e2 Rc5 42. Bf2 Qa1+ 43. Kg2 Rxa5 44. Bg3 Ra2 45. Bxe5 Bxe5 46. fxg6 hxg6 47.
Re1 Qb2 48. R1e2 Bf4 49. Kf3 Bxe3 50. Kxe3 Qe5+ 51. Kf2 Qh2+ 52. Ke3 0-1

[Event "ch-FRA Blitz Online Qual"]
[Site "Europe-Chess INT"]
[Date "2020.05.16"]
[Round "9"]
[White "Labelle, Ambroise"]
[Black "Kurmann, Oliver"]
[Result "0-1"]
[BlackTitle "IM"]
[WhiteElo "1952"]
[BlackElo "2430"]
[WhiteFideId "26092050"]
[BlackFideId "1308173"]
[EventDate "2020.05.16"]

1. e4 c5 2. Nf3 e6 3. c4 Nc6 4. Nc3 Nd4 5. Be2 Ne7 6. d3 Nec6 7. O-O a6 8. Be3
Qc7 9. a3 Bd6 10. h3 b6 11. Nd2 Bh2+ 12. Kh1 Bf4 13. Rb1 Bb7 14. b4 O-O 15. bxc5
Bxe3 16. fxe3 Nxe2 17. Qxe2 bxc5 18. Nb3 Ne7 19. Na4 d6 20. Nd2 Bc6 21. Nc3 f5
22. exf5 Nxf5 23. Qg4 Rf6 24. Rbe1 Rg6 25. Qd1 Bxg2+ 0-1

[Event "ch-FRA Blitz Online Qual"]
[Site "Europe-Chess INT"]
[Date "2020.05.16"]
[Round "9"]
[White "Joly, Julien"]
[Black "Nasuta, Grzegorz"]
[Result "0-1"]
[BlackTitle "GM"]
[WhiteElo "2188"]
[BlackElo "2558"]
[WhiteFideId "26082284"]
[BlackFideId "1141686"]
[EventDate "2020.05.16"]

1. e4 c5 2. Nf3 d6 3. d4 cxd4 4. Nxd4 a6 5. c4 b6 6. Nc3 Bb7 7. Bd3 Nf6 8. O-O
e6 9. Qe2 Be7 10. Kh1 Nbd7 11. f4 Qc7 12. Be3 O-O 13. Rac1 Nc5 14. Bd2 Nxd3 15.
Qxd3 Rac8 16. b3 Nd7 17. Qg3 Bf6 18. Nf3 Rfe8 19. Rfe1 Qb8 20. h3 Nc5 21. Nh2
Qa8 22. Ng4 Be7 23. Nf2 Bf8 24. b4 Nd7 25. Na4 b5 26. Nb2 bxc4 27. Nxc4 d5 28.
exd5 Bxd5 29. Ne3 Rxc1 30. Rxc1 Bxa2 31. Bc3 Rc8 32. Nfg4 g6 33. Qh4 Qe4 34.
Nf6+ Nxf6 35. Qxf6 Rxc3 36. Qxc3 Qxf4 37. Rf1 Qxb4 38. Qf6 Qe7 39. Qf4 Bg7 40.
Ng4 h5 41. Ne5 Bxe5 42. Qxe5 Bd5 43. Rb1 Kh7 44. Rb8 f6 45. Qb2 Qc7 46. Qb6 Qg3
47. Qb2 Qxh3+ 48. Kg1 Qe3+ 49. Kh1 Qe1+ 50. Kh2 Qh4+ 51. Kg1 Qe1+ 52. Kh2 Qe5+
53. Qxe5 fxe5 54. g3 Kg7 55. Kg1 Kf6 56. Kf2 Kf5 57. Rf8+ Kg5 58. Rb8 a5 59. Rb5
a4 60. Ra5 Bb3 61. Rxe5+ Kf6 62. Ra5 e5 63. Ke3 Kf5 64. Ra7 g5 65. Ra8 h4 66.
Kf2 h3 67. Rf8+ Ke6 68. g4 a3 69. Ra8 a2 70. Kg3 Kd5 71. Kxh3 Kd4 72. Kg3 Ke3
73. Ra3 Ke2 74. Kg2 e4 75. Kg3 e3 76. Kg2 Kd2 77. Kh3 e2 78. Kh2 e1=Q 79. Rxb3
Qe2+ 80. Kh3 Qe3+ 81. Rxe3 Kxe3 82. Kg3 a1=Q 83. Kh3 Qh1+ 84. Kg3 Qf3+ 85. Kh2
Qxg4 86. Kh1 Kf2 0-1

[Event "ch-FRA Blitz Online Qual"]
[Site "Europe-Chess INT"]
[Date "2020.05.16"]
[Round "9"]
[White "Babaud, Antoine"]
[Black "Glek, Igor"]
[Result "0-1"]
[BlackTitle "GM"]
[WhiteElo "1943"]
[BlackElo "2475"]
[WhiteFideId "45185484"]
[BlackFideId "4100484"]
[EventDate "2020.05.16"]

1. c4 e5 2. Nc3 Bb4 3. g3 Bxc3 4. bxc3 Nf6 5. Bg2 O-O 6. Nf3 Re8 7. O-O c6 8. d3
d5 9. cxd5 cxd5 10. Bg5 Nbd7 11. Qb3 h6 12. Bd2 b6 13. Rfc1 Bb7 14. c4 Nc5 15.
Qb2 d4 16. Bb4 Rc8 17. Bxc5 Rxc5 18. Nd2 Bxg2 19. Kxg2 e4 20. Nxe4 Nxe4 21. dxe4
Rxe4 22. Rc2 Qe7 23. Rd1 Qd7 24. f3 Re8 25. Rxd4 Qc6 26. e4 b5 27. Rd5 bxc4 28.
Qd4 Rc8 29. Rxc5 Qxc5 30. Qxc5 Rxc5 31. Kf2 Ra5 32. f4 Kf8 33. Ke3 Ra4 34. Kd4
Ke7 35. Kd5 Kd7 36. f5 f6 37. Kc5 c3 38. Kd5 Ra3 39. Kd4 a5 40. h4 h5 41. Kd5
Ke7 42. Kc5 Ra4 43. Kd5 Ra3 44. Kd4 Kd6 45. Kc4 Ke5 46. Kd3 Ra4 47. Rxc3 Rd4+
48. Ke3 Rxe4+ 49. Kf3 Kxf5 50. Rc7 g6 51. Ra7 Ra4 52. Rc7 Ra3+ 53. Kg2 Rxa2+ 54.
Kh3 g5 55. Rc5+ Kg6 56. hxg5 fxg5 57. Rc6+ Kf5 58. Rc5+ Kf6 59. Rc6+ Kf7 60. Rc5
h4 61. gxh4 gxh4 62. Kxh4 Ke6 63. Kg3 Kd6 64. Rb5 Kc6 65. Rb8 Re2 66. Kf3 Re7
67. Kf4 Kc5 68. Rb1 a4 69. Kf3 Kc4 70. Rb8 a3 71. Rc8+ Kb3 72. Rb8+ Kc2 73. Rc8+
Kb2 74. Rb8+ Ka1 75. Ra8 a2 76. Rb8 Re1 77. Kf2 Rb1 78. Ra8 Kb2 79. Rb8+ Kc3 80.
Rc8+ Kd4 81. Rd8+ Ke5 82. Re8+ Kf6 0-1